Obras de Wilhelm Dilthey: vida y poesía
Uloženo v:
| Hlavní autor: | |
|---|---|
| Médium: | Kniha |
| Jazyk: | španělština |
| Vydáno: |
Ciudad de México
Fondo de Cultura Económica
1953
|
| Vydání: | 2a. ed |
| Témata: | |
| Tagy: |
Přidat tag
Žádné tagy, Buďte první, kdo vytvoří štítek k tomuto záznamu!
|
MARC
| LEADER | 00000cam a2200000 a 4500 | ||
|---|---|---|---|
| 001 | UCC3598 | ||
| 003 | CL-VaPUC | ||
| 008 | 180527e19530000mx |||||||||||||||||spa|d | ||
| 082 | 0 | 4 | |a 809.1 |b DIL |2 21 |
| 100 | 0 | |a Dilthey, Wilhelm |e author |9 335712 | |
| 245 | 1 | 0 | |a Obras de Wilhelm Dilthey: vida y poesía |
| 250 | |a 2a. ed | ||
| 300 | |a 428 p | ||
| 942 | |c BK | ||
| 945 | |d 20180527 18:33:00 |a arojas | ||
| 260 | |a Ciudad de México |b Fondo de Cultura Económica |c 1953 | ||
| 650 | 0 | |a Poesía |9 265825 | |
| 650 | 7 | |a OBRAS |2 CL-VaPUC |9 269205 | |
| 650 | 0 | |a Historia y crítica |9 257407 | |
| 650 | 0 | |a Literatura alemana |9 265457 | |
| 583 | |a last modification |c 20180527 18:33:00 |k Rodrigo Vera | ||
| 999 | |c 371292 |d 371290 | ||
| 952 | |0 0 |1 0 |3 erd |4 0 |6 809_100000000000000_DIL_1953 |7 0 |8 A |9 488258 |a BIBEDU |b BIBEDU |h v.4 |i 547096K |o 809.1 DIL 1953 |p 547096K |r 2019-11-24 |w 2019-11-24 |y BK |z Catalogado en:20180527 |k LIT | ||